000 00854nam a2200217 4500
999 _c14323
_d14323
003 MIRAKIL
005 20210225131608.0
008 210225b tu ||||| |||| 00| 0 tur d
040 _aTR-AnCHP
_cTR-AnCHP
082 _aBROŞÜR 579
110 _aCumhuriyet Halk Partisi (CHP)
245 1 0 _aPandemi ve çocuk/
_cCHP İnsan Haklarından Sorumlu Genel Başkan Yardımcılığı.
300 _a38 s.:
_c30 sm.
600 0 _95793
_aCumhuriyet Halk Partisi (CHP)
_xÇocuk hakları
600 0 _95793
_aCumhuriyet Halk Partisi (CHP)
_xSalgın hastalıklar
_xçocuklar
_y2020-
_zTürkiye
650 4 _91026
_aÇocuklar
_xTürkiye
_y2020-
650 0 _9753
_aSalgın hastalıklar
_xKoronavirüs
_y2020-
_zTürkiye
942 _2ddc
_cBKS
999 _d14322